La gran depresión medieval: siglos XIV-XV
I tiakina i:
| Kaituhi matua: | |
|---|---|
| Hōputu: | Pukapuka |
| Reo: | Pāniora |
| I whakaputaina: |
Valencia, España
Biblioteca Nueva
2001
|
| Rangatū: | Colección Historia
|
| Ngā marau: | |
| Ngā Tūtohu: |
Tāpirihia he Tūtohu
Kāore He Tūtohu, Me noho koe te mea tuatahi ki te tūtohu i tēnei pūkete!
|
MARC
| LEADER | 00000nam a2200000 a 4500 | ||
|---|---|---|---|
| 001 | UCK9453 | ||
| 003 | CL-VaPUC | ||
| 005 | 20250227152546.0 | ||
| 008 | 060512e20010000SP |||||||||||||||||spa|d | ||
| 999 | |c 316657 |d 316655 | ||
| 020 | |a 847030853X | ||
| 040 | |c Pontificia Universidad Católica de Valparaíso | ||
| 082 | 0 | 4 | |a 940.19 BOI 2001 |2 21 |
| 100 | 0 | |a Bois, Guy |9 499284 | |
| 245 | 1 | 3 | |a La gran depresión medieval: siglos XIV-XV |
| 246 | 1 | 3 | |a El precedente de una crisis sistémica |
| 260 | 0 | 3 | |a Valencia, España |b Biblioteca Nueva |c 2001 |
| 300 | |a 237 páginas | ||
| 490 | 0 | |a Colección Historia | |
| 583 | |a last modification |c 20060512 00:00:00 |k Rodrigo Vera | ||
| 650 | 0 | |a Historia de Europa |9 392003 | |
| 650 | 0 | |a Edad media |9 258041 | |
| 650 | 7 | |a CRISIS |2 CL-VaPUC |9 328300 | |
| 650 | 0 | |a Feudalismo |9 313469 | |
| 650 | 0 | |a Vida social |9 337244 | |
| 650 | 0 | |a Vida económica |9 388270 | |
| 650 | 7 | |a MONARQUIAS |2 CL-VaPUC |9 388950 | |
| 942 | |c BK |2 ddc | ||
| 945 | |d 20060512 00:00:00 |a jtorresc | ||
| 952 | |0 0 |1 0 |2 ddc |4 0 |6 940_190000000000000_BOI_2001 |7 0 |8 A |9 391294 |a BIBHIS |b BIBHIS |d 2019-11-22 |i 4225783 |o 940.19 BOI 2001 |p 4225783 |r 2025-01-20 |t 1 |w 2019-11-22 |y BK |k HIS | ||